Responses for Show #2962 - Tuesday, June 17, 1997

Contestants

[<< previous game]

Scott Kearin, a congressional staff member from Washington, D.C.

Jeff Holt, an economics professor from Broken Arrow, Oklahoma

Laurie Kittle, an information developer originally from Wilkes-Barre, Pennsylvania

[next game >>]

Jeopardy! Round responses

PSYCH 101
TV ACTORS & ACTRESSES
BUSINESS & INDUSTRY
LAKES & RIVERS
POTPOURRI
"LIE"S
    $100 26
Horse

Laurie
    $100 7
Jayne Mansfield

Triple Stumper
    $100 18
H.J. Heinz

Laurie
    $100 1
Lake Okeechobee

Jeff
    $100 16
Denmark

Jeff
    $100 2
(S: What is sleep with dogs?)

Lie down with dogs

JeffScott
    $200 27
American Psychiatric Association

Jeff
    $200 8
"Dynasty"

Jeff
    $200 22
Snapple

Laurie
    $200 12
(Jeff: What is the Yellow?)
(Laurie: What is the Yellow?)
...
(Alex: Scott, aren't you glad you rang in?)

Yangtze River

LaurieJeffScott
    $200 17
(J: Who is Hercules?)
(L: Who is Zeus?)

Apollo

LaurieJeff
Triple Stumper
    $200 3
(L: What is lie down in still waters?)

Lie down in green pastures

LaurieScott
    $300 28
Ivan Pavlov

Laurie
    $300 9
(J: What is "Diner?")

"Alice"

Jeff
Triple Stumper
    $300 23
Smuckers

Laurie
    $300 13
Yukon

Scott
    $300 19
(S: What is Princeton?)

Yale

LaurieScott
    $300 4
"I cannot tell a lie"

Jeff
    $600 29
Kleptomania

Laurie
    $400 10
"The Virginian"

Jeff
    $400 24
Chrysler

Scott
    $400 14
Lake Nicaragua

Jeff
    $400 20
Spider monkey

Jeff
    $400 5
Lie detector

Jeff
    $500 30
(S: Who is Piaget?)

Alfred Binet

JeffScott
    $500 11
(Alex: He played Paladin in "Have Gun Will Travel")

Richard Boone

Jeff
    $500 25
Nike

Scott
    $500 15
Thames

Laurie
    $500 21
Vulgate Bible

Jeff
    $500 6
Lie in state

Jeff

Scores at the first commercial break (after clue 15):

Laurie Jeff Scott
$100 $2,400 $600

Scores at the end of the Jeopardy! Round:

Laurie Jeff Scott
$1,800 $3,900 $700

Double Jeopardy! Round responses

1836
MUSICAL THEATRE
ART
COLORADO
CHEMISTRY
CONTEMPORARY WOMEN AUTHORS
    $200 14
The Alamo

Laurie
    $200 25
"Jesus Christ Superstar"

Laurie
    $200 6
Garden of Eden

Jeff
    $200 1
Denver

Laurie
    $200 10
Solid

Jeff
    $200 19
"Moo"

Laurie
    $400 15
Australia

Laurie
    $400 26
Victor/Victoria

Scott
    $400 7
Cubism

Scott
    $400 2
(J: What is 1869?)

1876

JeffScott
    $400 11
Magnets

Scott
    $400 20
Mexico

Laurie
    $600 16
Betsy Ross

Jeff
    $1,000 28
"Big"

Scott
    $600 8
Jackson Pollock

Scott
    $600 3
(S: What is Aspen?)

Vail

Scott
Triple Stumper
    $600 12
Sulphuric Acid

Scott
    $600 21
(S: Who is Toni Morrison?)

Terry McMillan

JeffScott
    $800 17
Arc de Triomphe

Laurie
    $800 29
[The end-of-round signal sounds.]

Show Boat

Laurie
    $800 9
(Laurie: Who is Vermeer?)
(Scott: Who is Breuger?)
(Jeff: Who is Bruegel?)
...
(Alex: No harm, no foul on that one.)

Peter Paul Rubens

LaurieJeffScott
Triple Stumper
    $800 4
Ulysses S. Grant

Jeff
    $800 13
Surfactants

Triple Stumper
    $800 22
Anne Proulx

Laurie
    $1,600 18
Martin Van Buren

Laurie
    $1000 24
(Alex: We have a minute to go in the round.)

Hans Holbein

Laurie
    $1000 5
Red Rocks

Scott
    $1000 27
Suspension

Scott
    $1000 23
Joyce Carol Oates

Laurie

Scores at the end of the Double Jeopardy! Round:

Laurie Jeff Scott
$8,600 $5,100 $4,500

[wagering suggestions for these scores]

Final Jeopardy! Round responses

1990s AFRICA
(Alex: Laurie, we don't penalize you for spelling since it was close enough to what we were looking for.)
ScottWhat are Rwanda and Tanzania
$4,500
JeffWhat is Rwanda & Tanzania
$4,000
LaurieWhat is Rwanda & Burindi
$3,000
Rwanda & Burundi

Final scores:

Laurie Jeff Scott
$11,600 $1,100 $0
New champion: $11,600 2nd place: a 7-night Costa Caribbean cruise 3rd place: a Vivitar Sport Kit (camera & binoculars)

Game dynamics:

Coryat scores:

Laurie Jeff Scott
$7,800 $5,100 $4,100
20 R
(including 2 DDs),
4 W
19 R,
5 W
14 R
(including 1 DD),
6 W

Combined Coryat: $17,000

[game clues] [game scores] [suggest correction]

Game tape date: 1997-02-04
The J! Archive is created by fans, for fans. Scraping, republication, monetization, and malicious use prohibited; this site may use cookies and collect identifying information. See terms. The Jeopardy! game show and all elements thereof, including but not limited to copyright and trademark thereto, are the property of Jeopardy Productions, Inc. and are protected under law. This website is not affiliated with, sponsored by, or operated by Jeopardy Productions, Inc. Join the discussion at JBoard.tv.